000 01260nam a2200337Ia 4500
001 ebr10058012
003 CaPaEBR
006 m u
007 cr cn|||||||||
008 970611s1997 enka sb 001 0 eng d
010 _z 97160705
020 _z0203437594
020 _z0415138418
020 _z0415138426 (pbk.)
040 _aCaPaEBR
_cCaPaEBR
035 _a(OCoLC)52054744
050 1 4 _aRC512
_b.A75 1997eb
245 0 0 _aArt, psychotherapy, and psychosis
_h[electronic resource] /
_cedited by Katherine Killick and Joy Schaverien.
260 _aLondon ;
_aNew York :
_bRoutledge,
_c1997.
300 _axi, 267 p. :
_bill.
504 _aIncludes bibliographical references and index.
533 _aElectronic reproduction.
_bPalo Alto, Calif. :
_cebrary,
_d2009.
_nAvailable via World Wide Web.
_nAccess may be limited to ebrary affiliated libraries.
650 0 _aPsychoses
_xTreatment.
650 0 _aArt therapy.
650 0 _aArt and mental illness.
655 7 _aElectronic books.
_2local
700 1 _aKillick, Katherine.
700 1 _aSchaverien, Joy,
_d1943-
710 2 _aebrary, Inc.
856 4 0 _uhttp://site.ebrary.com/lib/rucke/Doc?id=10058012
_zAn electronic book accessible through the World Wide Web; click to view
999 _c68017
_d68017